Catálogo

Vista normal Vista MARC

Entrada Personal Name

Número de registros utilizados en: 2

001 - CONTROL NUMBER

  • control field: 5905

003 - CONTROL NUMBER IDENTIFIER

  • control field: DLC

005 - DATE AND TIME OF LATEST TRANSACTION

  • control field: 20211019105129.0

008 - FIXED-LENGTH DATA ELEMENTS

  • fixed length control field: 780926n| azannaabn |n aaa

010 ## - LIBRARY OF CONGRESS CONTROL NUMBER

  • LC control number: n 78067901

035 ## - SYSTEM CONTROL NUMBER

  • System control number: (CaEvSKY)skya1286741

035 ## - SYSTEM CONTROL NUMBER

  • System control number: (OCoLC)oca00203429

040 ## - CATALOGING SOURCE

  • Original cataloging agency: DLC
  • Language of cataloging: spa
  • Description conventions: rda
  • Transcribing agency: Mx-PuUPA
  • Modifying agency: Uk
  • Modifying agency: DLC
  • Modifying agency: DNLM
  • Modifying agency: MX-SlUA
  • Modifying agency: ICU
  • Modifying agency: Mx-PuUPA

046 ## - SPECIAL CODED DATES

  • Birth date: 19280606
  • Death date: 20190605
  • Source of date scheme: edtf

100 1# - HEADING--PERSONAL NAME

  • Personal name: Sgreccia, Elio,

370 ## - ASSOCIATED PLACE

  • Place of birth: Nidastore (Italia)

370 ## - ASSOCIATED PLACE

  • Place of death: Rome (Italia)
  • Source of term: naf

372 ## - FIELD OF ACTIVITY

  • Field of activity: Bioética
  • Field of activity: Bioética - Aspectos religiosos - Iglesia católica
  • Field of activity: Personalismo - Aspectos éticos y morales
  • Source of term: lcsh

373 ## - ASSOCIATED GROUP

  • Associated group: Iglesia Católica
  • Source of term: lcsh

373 ## - ASSOCIATED GROUP

  • Associated group: Academia Pontificia pro vita
  • Associated group: Universidad Católica del Sagrado Corazón
  • Source of term: naf

374 ## - OCCUPATION

  • Occupation: Obispos
  • Occupation: Bioeticistas
  • Source of term: lcsh

375 ## - GENDER

  • Gender: hombre
  • Source of term: lcdgt

377 ## - ASSOCIATED LANGUAGE

  • Language code: ita

670 ## - SOURCE DATA FOUND

  • Source citation: Dalla parte ... 1978 (a.e.)
  • Information found: t.p. (Elio Sgreccia)

670 ## - SOURCE DATA FOUND

  • Source citation: Personalist bioethics, 2012:
  • Information found: ECIP t.p. (Elio Sgreccia) data view (b. June 6, 1928; cardinal of the Roman Catholic Church; president emeritus of the Pontifical Academy for Life)

670 ## - SOURCE DATA FOUND

  • Source citation: Manual de bioética: I Fundamentos de ética y biomédica, 2014:
  • Information found: title page (Elio Sgreccia) back cover (Mons. Elio Sgreccia obispo y teólogo italiano nacido en 1928, ha sido presidente de la Pontificia Academia para la Vida entre los años 2005 y 2008, y también desde su fundación en 1985 hasta 2006, Director del Centro de Bioética que la Università Cattolica del Sacro Cuore tiene en Roma)

670 ## - SOURCE DATA FOUND

  • Source citation: Wikipedia, the free encyclopedia, July 1, 2019:
  • Information found: Elio Sgreccia page (Elio Sgreccia; born 6 June 1928 in Nidastore; died 5 June 2019; Italian bioethicist and cardinal of the Catholic Church; ordained 29 June 1952; became Titular Bishop of Zama Minor and secretary of the Pontifical Council for the Family; served as president of the Pontifical Academy for LIfe; espoused what he termed an ontologically grounded personalism)
  • Uniform Resource Identifier: https://en.wikipedia.org/wiki/Elio_Sgreccia